Cambridge papers towards a Biblical. (Record no. 58586)
[ view plain ]
| 000 -LEADER | |
|---|---|
| fixed length control field | 00701cam a2200205u 4500 |
| 001 - CONTROL NUMBER | |
| control field | 7780970 |
| 005 - DATE AND TIME OF LATEST TRANSACTION | |
| control field | 20140214150557.0 |
| 008 - FIXED-LENGTH DATA ELEMENTS--GENERAL INFORMATION | |
| fixed length control field | 810825s1918 enkf 000 0 eng |
| 010 ## - LIBRARY OF CONGRESS CONTROL NUMBER | |
| LC control number | 19003611 |
| 040 ## - CATALOGING SOURCE | |
| Original cataloging agency | DLC |
| Transcribing agency | CarP |
| Modifying agency | DLC |
| 050 00 - LIBRARY OF CONGRESS CALL NUMBER | |
| Classification number | LF295 |
| Item number | .B15 |
| 100 1# - MAIN ENTRY--PERSONAL NAME | |
| Personal name | Ball, Walter William Rouse, |
| Dates associated with a name | 1850- [from old catalog] |
| 9 (RLIN) | 24871 |
| 245 00 - TITLE STATEMENT | |
| Title | Cambridge papers towards a Biblical. |
| 260 ## - PUBLICATION, DISTRIBUTION, ETC. (IMPRINT) | |
| Place of publication, distribution, etc | London, |
| Name of publisher, distributor, etc | Macmillan and co., limited, |
| Date of publication, distribution, etc | 1918. |
| 300 ## - PHYSICAL DESCRIPTION | |
| Extent | vi p., 1 l., |
| Other physical details | 326 p. incl. plates. |
| Dimensions | 21 cm. |
| 610 20 - SUBJECT ADDED ENTRY--CORPORATE NAME | |
| Corporate name or jurisdiction name as entry element | Trinity College (University of Cambridge) |
| 9 (RLIN) | 24872 |
| 610 20 - SUBJECT ADDED ENTRY--CORPORATE NAME | |
| Corporate name or jurisdiction name as entry element | University of Cambridge |
| General subdivision | History. |
| 9 (RLIN) | 24873 |
| 906 ## - LOCAL DATA ELEMENT F, LDF (RLIN) | |
| a | 0 |
| b | cbc |
| c | premunv |
| d | u |
| e | ncip |
| f | 19 |
| g | y-gencatlg |
| 942 ## - ADDED ENTRY ELEMENTS (KOHA) | |
| Source of classification or shelving scheme | Library of Congress Classification |
| Item type | Periodicals |
| Serial record | 1 |
| Withdrawn status | Lost status | Source of classification or shelving scheme | Damaged status | Not for loan | Collection code | Home library | Current library | Shelving location | Date acquired | Total Checkouts | Full call number | Date last seen | Price effective from | Koha item type |
|---|---|---|---|---|---|---|---|---|---|---|---|---|---|---|
| Library of Congress Classification | Serials | AIU/NEGST - Tony Wilmot Memorial Library | AIU/NEGST - Tony Wilmot Memorial Library | Serials | 02/14/2014 | LF295 .B15 | 02/14/2014 | 02/14/2014 | Periodicals |
